=LDR 00000nam 2200000 4500 =001 NUTBA000000000001271 =005 20200303064911 =035 ##$$a 0010-041400000000541 =008 200303################g##########0#ind## =020 ##$$a 978-979-19246-5-8 =082 ##$$a 154.4 =100 ##$$a Abul' Id Athif =245 1#$$a The Magic Smile Senyum /$c 'Athif Abul ' Id =250 ##$$a 2009 =260 ##$$a Surakarta :$b Al-Jadid,$c 2009 =300 ##$$a 108 hlm, : $b Ilus. =850 ##$$a nbpm NTB =084 ##$$a 154.4 ABU t =990 ##$$a 00087886 =990 ##$$a 00088118